| 000 | 01084nam0a22002651 4500 | ||
|---|---|---|---|
| 001 | rc\4832471 | ||
| 005 | 20250612192434.0 | ||
| 021 |
_aRU _bРг4296-64 |
||
| 035 | _a(NLR Aleph) 008805945 | ||
| 090 |
_a8131535 _c8131535 |
||
| 100 | _a20130426d1964 |||y0rusy50 ca | ||
| 101 | 0 |
_arus _ageo |
|
| 102 | _aRU | ||
| 105 | _ay z ||||| | ||
| 200 | 1 |
_aПлан работы и тезисы докладов _fГос. ком. высш. и сред. спец. образ. Совета Министров Груз. ССР. Тбилисский гос. пед. ин-т им. А.С. Пушкина. Науч. сессия. 28/IV-29/IV 1964 г. |
|
| 210 |
_aТбилиси _cБ. и. _d1964 |
||
| 215 |
_a106 с. _d20 |
||
| 300 | _aТекст на рус. и груз. яз. | ||
| 710 | 0 | 2 |
_aТбилисский педагогический институт им. А. С. Пушкина _bНаучная сессия _f1964 _9695152 _3RU\NLR\AUTH\880517242 |
| 801 | 0 |
_aRU _bNLR _gpsbo |
|
| 801 | 1 |
_aRU _bELAR _2rusmarc |
|
| 852 |
_aNLR _bОНЛ |
||
| 942 | _cBOOK | ||
| 980 | _aNB | ||